[Event "Classic Open"]
[Site "Estonia Resort Hotel & Spa conference center, Parnu, EE"]
[Date "2025.08.13"]
[Round "5"]
[White "Pidluznij, Gleb"]
[Black "Sharma Isha"]
[Result "1-0"]
[Board "7"]
[WhiteFideId "12817082"]
[BlackFideId "35006665"]
[WhiteTitle "FM"]
[BlackTitle "WIM"]
[WhiteElo "2431"]
[BlackElo "2312"]
[WhiteTeam "LTU"]
[BlackTeam "IND"]
[WhiteClock "0:04:10"]
[BlackClock "0:02:34"]
[Variant "Standard"]

1. d4 {[%clk 1:26:56]}  Nf6 {[%clk 1:30:24]} 2. c4 {[%clk 1:27:11]}  e6 {[%clk 1:30:49]} 3. Bf4 {[%clk 1:27:35]}  d5 {[%clk 1:28:37]} 4. cxd5 {[%clk 1:27:49]}  exd5 {[%clk 1:28:42]} 5. e3 {[%clk 1:28:10]}  Bd6 {[%clk 1:27:59]} 6. Bxd6 {[%clk 1:28:30]}  Qxd6 {[%clk 1:28:23]} 7. Bd3 {[%clk 1:28:54]}  O-O {[%clk 1:26:50]} 8. Nc3 {[%clk 1:29:02]}  a6 {[%clk 1:25:48]} 9. h3 {[%clk 1:28:51]}  Nc6 {[%clk 1:19:38]} 10. Nf3 {[%clk 1:26:34]}  Re8 {[%clk 1:19:06]} 11. O-O {[%clk 1:18:43]}  Ne7 {[%clk 1:15:28]} 12. Rc1 {[%clk 1:17:35]}  Bf5 {[%clk 1:14:32]} 13. Be2 {[%clk 1:17:37]}  Ng6 {[%clk 1:11:54]} 14. Na4 {[%clk 1:13:35]}  Ne4 {[%clk 1:03:27]} 15. Nc5 {[%clk 1:10:13]}  Rab8 {[%clk 1:02:30]} 16. Qa4 {[%clk 1:09:34]}  c6 {[%clk 1:01:24]} 17. Qd1 {[%clk 1:00:59]}  Qf6 {[%clk 0:58:59]} 18. b4 {[%clk 1:00:56]}  Nd6 {[%clk 0:57:08]} 19. a4 {[%clk 1:00:54]}  Re7 {[%clk 0:56:26]} 20. Re1 {[%clk 0:49:43]}  Rbe8 {[%clk 0:54:05]} 21. Bf1 {[%clk 0:48:43]}  Be4 {[%clk 0:48:03]} 22. Nxe4 {[%clk 0:46:48]}  Nxe4 {[%clk 0:46:29]} 23. Rc2 {[%clk 0:44:35]}  Nh4 {[%clk 0:45:46]} 24. Nxh4 {[%clk 0:31:40]}  Qxh4 {[%clk 0:46:09]} 25. Qg4 {[%clk 0:31:02]}  Qh6 {[%clk 0:42:09]} 26. Ra1 {[%clk 0:23:04]}  f5 {[%clk 0:34:09]} 27. Qf3 {[%clk 0:20:34]}  Rf8 {[%clk 0:34:34]} 28. b5 {[%clk 0:18:07]}  axb5 {[%clk 0:33:08]} 29. axb5 {[%clk 0:18:36]}  f4 {[%clk 0:33:32]} 30. exf4 {[%clk 0:11:44]}  Rxf4 {[%clk 0:31:33]} 31. Qe3 {[%clk 0:09:27]}  Kf7 {[%clk 0:16:12]} 32. bxc6 {[%clk 0:08:07]}  bxc6 {[%clk 0:08:40]} 33. Rxc6 {[%clk 0:08:32]}  Qg5 {[%clk 0:06:38]} 34. g3 {[%clk 0:06:17]}  Rf5 {[%clk 0:05:43]} 35. Qxg5 {[%clk 0:06:42]}  Nxg5 {[%clk 0:05:42]} 36. Bg2 {[%clk 0:06:18]}  Nf3+ {[%clk 0:04:58]} 37. Bxf3 {[%clk 0:06:40]}  Rxf3 {[%clk 0:05:26]} 38. Rd6 {[%clk 0:05:52]}  h6 {[%clk 0:03:38]} 39. Kg2 {[%clk 0:01:28]}  Rf5 {[%clk 0:02:43]} 40. f4 {[%clk 0:01:44]}  Re4 {[%clk 0:01:19]} 41. Ra7+ {[%clk 0:01:55]}  Re7 {[%clk 0:01:45]} 42. Rdd7 {[%clk 0:01:27]}  Rxd7 {[%clk 0:02:08]} 43. Rxd7+ {[%clk 0:01:56]}  Kf6 {[%clk 0:01:37]} 44. Kf3 {[%clk 0:02:08]}  g5 {[%clk 0:01:47]} 45. Rd6+ {[%clk 0:02:14]}  Kg7 {[%clk 0:01:47]} 46. Kg4 {[%clk 0:02:30]}  Rf6 {[%clk 0:01:17]} 47. Rxf6 {[%clk 0:02:53]}  Kxf6 {[%clk 0:01:44]} 48. fxg5+ {[%clk 0:03:16]}  hxg5 {[%clk 0:02:12]} 49. h4 {[%clk 0:03:41]}  gxh4 {[%clk 0:02:34]} 50. gxh4 {[%clk 0:04:10]} 1-0

[Event "Classic Open"]
[Site "Estonia Resort Hotel & Spa conference center, Parnu, EE"]
[Date "2025.08.13"]
[Round "5"]
[White "Vingris,Mikelis"]
[Black "Sharan, Rao"]
[Result "1-0"]
[Board "9"]
[WhiteFideId "11611731"]
[BlackFideId "5073464"]
[BlackTitle "IM"]
[WhiteElo "2287"]
[BlackElo "2365"]
[WhiteTeam "LAT"]
[BlackTeam "IND"]
[WhiteClock "0:07:21"]
[BlackClock "0:26:16"]
[Variant "Standard"]

1. e4 {[%clk 1:30:11]}  e6 {[%clk 1:27:41]} 2. d4 {[%clk 1:30:34]}  d5 {[%clk 1:27:57]} 3. Nc3 {[%clk 1:30:59]}  Bb4 {[%clk 1:28:23]} 4. e5 {[%clk 1:31:16]}  Bf8 {[%clk 1:28:48]} 5. Nce2 {[%clk 1:25:59]}  c5 {[%clk 1:29:10]} 6. c3 {[%clk 1:26:21]}  Nc6 {[%clk 1:29:36]} 7. Nf3 {[%clk 1:25:38]}  Qb6 {[%clk 1:29:16]} 8. a3 {[%clk 1:20:55]}  c4 {[%clk 1:29:28]} 9. Nf4 {[%clk 1:18:06]}  Bd7 {[%clk 1:29:29]} 10. h4 {[%clk 1:16:56]}  Nge7 {[%clk 1:29:45]} 11. g3 {[%clk 1:13:16]}  Na5 {[%clk 1:29:41]} 12. Bh3 {[%clk 1:09:49]}  h6 {[%clk 1:29:44]} 13. Nh5 {[%clk 1:08:25]}  O-O-O {[%clk 1:27:07]} 14. O-O {[%clk 1:07:24]}  Kb8 {[%clk 1:27:13]} 15. Nd2 {[%clk 1:00:59]}  Nc8 {[%clk 1:26:27]} 16. f4 {[%clk 0:53:59]}  Qc7 {[%clk 1:25:02]} 17. Qf3 {[%clk 0:50:45]}  Nb6 {[%clk 1:24:10]} 18. g4 {[%clk 0:49:33]}  g6 {[%clk 1:07:10]} 19. Nf6 {[%clk 0:49:10]}  Ba4 {[%clk 1:07:35]} 20. f5 {[%clk 0:44:58]}  Be7 {[%clk 1:01:48]} 21. fxe6 {[%clk 0:44:03]}  fxe6 {[%clk 1:00:53]} 22. g5 {[%clk 0:43:35]}  hxg5 {[%clk 1:01:05]} 23. hxg5 {[%clk 0:43:59]}  Bc2 {[%clk 0:56:26]} 24. Bxe6 {[%clk 0:40:17]}  Bxf6 {[%clk 0:37:07]} 25. gxf6 {[%clk 0:33:55]}  Qh7 {[%clk 0:37:34]} 26. Qg2 {[%clk 0:31:00]}  Nb3 {[%clk 0:36:31]} 27. Nxb3 {[%clk 0:27:17]}  Be4 {[%clk 0:36:53]} 28. Qh3 {[%clk 0:23:40]}  cxb3 {[%clk 0:33:17]} 29. Qxh7 {[%clk 0:22:08]}  Rxh7 {[%clk 0:33:45]} 30. Bf4 {[%clk 0:19:29]}  Nc4 {[%clk 0:33:35]} 31. Bg4 {[%clk 0:13:52]}  g5 {[%clk 0:34:00]} 32. Bh2 {[%clk 0:13:29]}  Ne3 {[%clk 0:32:51]} 33. e6+ {[%clk 0:11:49]}  Rxh2 {[%clk 0:31:34]} 34. Kxh2 {[%clk 0:12:12]}  Nxg4+ {[%clk 0:28:15]} 35. Kg3 {[%clk 0:12:38]}  Nxf6 {[%clk 0:28:03]} 36. Rxf6 {[%clk 0:13:03]}  Re8 {[%clk 0:28:30]} 37. Raf1 {[%clk 0:11:35]}  Kc7 {[%clk 0:28:56]} 38. Rf7+ {[%clk 0:11:05]}  Kc6 {[%clk 0:29:25]} 39. R1f6 {[%clk 0:10:45]}  a5 {[%clk 0:28:10]} 40. Kg4 {[%clk 0:10:32]}  a4 {[%clk 0:27:54]} 41. Kxg5 {[%clk 0:08:31]}  b6 {[%clk 0:26:24]} 42. Kf4 {[%clk 0:08:05]}  Bd3 {[%clk 0:25:57]} 43. e7+ {[%clk 0:07:06]}  Kc7 {[%clk 0:26:26]} 44. Rg7 {[%clk 0:07:03]}  Bb5 {[%clk 0:26:11]} 45. Ke5 {[%clk 0:07:19]}  Bc6 {[%clk 0:26:16]} 46. Rf8 {[%clk 0:07:21]} 1-0

[Event "Classic Open"]
[Site "Estonia Resort Hotel & Spa conference center, Parnu, EE"]
[Date "2025.08.13"]
[Round "5"]
[White "Lapshun, Yury"]
[Black "Chibukhchian, Artur"]
[Result "1/2-1/2"]
[Board "10"]
[WhiteFideId "2006960"]
[BlackFideId "13300717"]
[WhiteTitle "IM"]
[BlackTitle "GM"]
[WhiteElo "2264"]
[BlackElo "2358"]
[WhiteTeam "USA"]
[BlackTeam "ARM"]
[WhiteClock "0:10:58"]
[BlackClock "0:01:10"]
[Variant "Standard"]

1. c4 {[%clk 1:20:16]}  e5 {[%clk 1:30:29]} 2. Nc3 {[%clk 1:20:41]}  Nf6 {[%clk 1:30:42]} 3. g3 {[%clk 1:21:06]}  Bb4 {[%clk 1:29:31]} 4. Bg2 {[%clk 1:21:30]}  O-O {[%clk 1:29:08]} 5. Nf3 {[%clk 1:21:37]}  Bxc3 {[%clk 1:23:40]} 6. dxc3 {[%clk 1:21:46]}  d6 {[%clk 1:21:27]} 7. O-O {[%clk 1:22:05]}  h6 {[%clk 1:21:38]} 8. Ne1 {[%clk 1:21:44]}  Nc6 {[%clk 1:17:37]} 9. e4 {[%clk 1:21:07]}  Be6 {[%clk 1:17:23]} 10. Qe2 {[%clk 1:18:55]}  Qd7 {[%clk 1:15:02]} 11. Nc2 {[%clk 1:19:15]}  Bh3 {[%clk 1:15:24]} 12. f3 {[%clk 1:18:06]}  Bxg2 {[%clk 1:06:20]} 13. Kxg2 {[%clk 1:18:24]}  Ne7 {[%clk 1:05:36]} 14. Ne3 {[%clk 1:18:14]}  Nh7 {[%clk 0:57:41]} 15. g4 {[%clk 1:18:07]}  Ng6 {[%clk 0:57:30]} 16. Nf5 {[%clk 1:18:27]}  Ng5 {[%clk 0:57:20]} 17. Bxg5 {[%clk 1:16:24]}  hxg5 {[%clk 0:57:41]} 18. Qd2 {[%clk 1:16:21]}  Nf4+ {[%clk 0:58:02]} 19. Kh1 {[%clk 1:16:38]}  g6 {[%clk 0:57:49]} 20. Ne3 {[%clk 1:10:47]}  Kg7 {[%clk 0:54:41]} 21. c5 {[%clk 1:10:19]}  Rad8 {[%clk 0:55:07]} 22. cxd6 {[%clk 1:10:00]}  Qe6 {[%clk 0:42:58]} 23. Qc2 {[%clk 1:08:51]}  Rxd6 {[%clk 0:37:29]} 24. Qb3 {[%clk 1:08:55]}  Rd3 {[%clk 0:28:31]} 25. Qxe6 {[%clk 1:02:36]}  Nxe6 {[%clk 0:27:20]} 26. Nc4 {[%clk 1:02:59]}  Kf6 {[%clk 0:26:53]} 27. Rad1 {[%clk 1:03:01]}  Rfd8 {[%clk 0:27:14]} 28. Rxd3 {[%clk 1:03:23]}  Rxd3 {[%clk 0:27:41]} 29. a4 {[%clk 1:01:45]}  Nc5 {[%clk 0:23:52]} 30. a5 {[%clk 1:01:28]}  b5 {[%clk 0:22:55]} 31. axb6 {[%clk 1:01:53]}  axb6 {[%clk 0:23:25]} 32. Kg1 {[%clk 0:58:14]}  Na4 {[%clk 0:07:39]} 33. Ra1 {[%clk 0:34:52]}  b5 {[%clk 0:07:11]} 34. Kf2 {[%clk 0:34:47]}  Nxb2 {[%clk 0:00:51]} 35. Nxb2 {[%clk 0:33:14]}  Rd2+ {[%clk 0:01:20]} 36. Ke3 {[%clk 0:33:34]}  Rxb2 {[%clk 0:01:48]} 37. Ra6+ {[%clk 0:33:55]}  Ke7 {[%clk 0:01:48]} 38. Rc6 {[%clk 0:21:34]}  Kd7 {[%clk 0:02:13]} 39. Rf6 {[%clk 0:22:01]}  Ke8 {[%clk 0:00:58]} 40. Rc6 {[%clk 0:21:45]}  Kd7 {[%clk 0:01:25]} 41. Rf6 {[%clk 0:22:07]}  c5 {[%clk 0:00:58]} 42. Rxf7+ {[%clk 0:22:15]}  Ke6 {[%clk 0:01:28]} 43. Rg7 {[%clk 0:22:15]}  Kf6 {[%clk 0:01:46]} 44. Rc7 {[%clk 0:18:27]}  c4 {[%clk 0:02:12]} 45. Rc6+ {[%clk 0:18:54]}  Kf7 {[%clk 0:02:38]} 46. Rb6 {[%clk 0:17:04]}  Ke7 {[%clk 0:00:53]} 47. h3 {[%clk 0:14:47]}  Kf7 {[%clk 0:00:57]} 48. Rb8 {[%clk 0:14:33]}  Ke7 {[%clk 0:00:34]} 49. Rb6 {[%clk 0:11:28]}  Kd7 {[%clk 0:01:03]} 50. Rb8 {[%clk 0:10:15]}  Kd6 {[%clk 0:00:59]} 51. Rb6+ {[%clk 0:09:30]}  Kd7 {[%clk 0:01:28]} 52. Rb8 {[%clk 0:09:15]}  Kc7 {[%clk 0:00:57]} 53. Re8 {[%clk 0:09:35]}  Kd6 {[%clk 0:00:32]} 54. Rb8 {[%clk 0:09:54]}  Rc2 {[%clk 0:00:38]} 55. Rxb5 {[%clk 0:10:05]}  Rxc3+ {[%clk 0:01:07]} 56. Ke2 {[%clk 0:09:54]}  Rc2+ {[%clk 0:00:54]} 57. Ke3 {[%clk 0:10:13]}  Rc3+ {[%clk 0:00:51]} 58. Ke2 {[%clk 0:10:37]}  Rb3 {[%clk 0:00:34]} 59. Rd5+ {[%clk 0:10:30]}  Ke6 {[%clk 0:01:03]} 60. Rc5 {[%clk 0:10:34]}  c3 {[%clk 0:00:32]} 61. Rc6+ {[%clk 0:10:14]}  Kf7 {[%clk 0:00:48]} 62. Rc7+ {[%clk 0:10:35]}  Kf6 {[%clk 0:01:10]} 63. Rc6+ {[%clk 0:10:58]} 1/2-1/2

[Event "Classic Open"]
[Site "Estonia Resort Hotel & Spa conference center, Parnu, EE"]
[Date "2025.08.13"]
[Round "5"]
[White "Gaponenko, Inna"]
[Black "Lahdelma, Henri"]
[Result "1/2-1/2"]
[Board "11"]
[WhiteFideId "14101181"]
[BlackFideId "510394"]
[WhiteTitle "IM"]
[BlackTitle "FM"]
[WhiteElo "2338"]
[BlackElo "2247"]
[WhiteTeam "UKR"]
[BlackTeam "FIN"]
[WhiteClock "0:01:13"]
[BlackClock "0:11:19"]
[Variant "Standard"]

1. e4 {[%clk 1:30:58]}  d5 {[%clk 1:30:26]} 2. exd5 {[%clk 1:31:22]}  Qxd5 {[%clk 1:30:50]} 3. Nc3 {[%clk 1:31:48]}  Qd6 {[%clk 1:31:14]} 4. d4 {[%clk 1:32:12]}  Nf6 {[%clk 1:31:37]} 5. Nf3 {[%clk 1:31:08]}  Nc6 {[%clk 1:31:52]} 6. Nb5 {[%clk 1:31:02]}  Qd8 {[%clk 1:32:16]} 7. c4 {[%clk 1:31:27]}  a6 {[%clk 1:31:48]} 8. Nc3 {[%clk 1:31:39]}  Bg4 {[%clk 1:32:07]} 9. d5 {[%clk 1:26:22]}  Ne5 {[%clk 1:31:24]} 10. Be2 {[%clk 1:25:24]}  Bxf3 {[%clk 1:27:19]} 11. Bxf3 {[%clk 1:25:47]}  Qd7 {[%clk 1:26:44]} 12. Be2 {[%clk 0:55:20]}  e6 {[%clk 1:25:45]} 13. Bg5 {[%clk 0:54:56]}  Be7 {[%clk 1:23:50]} 14. O-O {[%clk 0:29:16]}  O-O {[%clk 1:15:14]} 15. f4 {[%clk 0:14:45]}  Ng6 {[%clk 1:13:12]} 16. dxe6 {[%clk 0:15:10]}  Qxe6 {[%clk 1:13:32]} 17. Kh1 {[%clk 0:08:58]}  Qb6 {[%clk 1:05:09]} 18. Qb3 {[%clk 0:05:45]}  Qxb3 {[%clk 0:52:47]} 19. axb3 {[%clk 0:06:14]}  h6 {[%clk 0:50:55]} 20. Bxf6 {[%clk 0:06:12]}  Bxf6 {[%clk 0:51:23]} 21. Nd5 {[%clk 0:06:30]}  Bd8 {[%clk 0:50:32]} 22. b4 {[%clk 0:01:20]}  c6 {[%clk 0:48:29]} 23. Nc3 {[%clk 0:01:49]}  Bf6 {[%clk 0:48:02]} 24. b5 {[%clk 0:01:32]}  axb5 {[%clk 0:47:59]} 25. Rxa8 {[%clk 0:01:35]}  Rxa8 {[%clk 0:48:20]} 26. cxb5 {[%clk 0:02:01]}  Bxc3 {[%clk 0:41:55]} 27. bxc3 {[%clk 0:02:30]}  Ra2 {[%clk 0:42:09]} 28. Bd3 {[%clk 0:00:50]}  cxb5 {[%clk 0:41:21]} 29. Bxb5 {[%clk 0:01:15]}  Rc2 {[%clk 0:41:35]} 30. g3 {[%clk 0:00:35]}  Rxc3 {[%clk 0:41:56]} 31. Rb1 {[%clk 0:00:51]}  Ne7 {[%clk 0:35:36]} 32. Be2 {[%clk 0:00:54]}  Rc7 {[%clk 0:35:52]} 33. Bf3 {[%clk 0:01:18]}  Nc6 {[%clk 0:36:04]} 34. Kg2 {[%clk 0:00:59]}  Kf8 {[%clk 0:36:23]} 35. h4 {[%clk 0:00:47]}  Ke7 {[%clk 0:36:43]} 36. g4 {[%clk 0:00:53]}  Kd6 {[%clk 0:35:53]} 37. g5 {[%clk 0:00:45]}  Re7 {[%clk 0:27:01]} 38. Kg3 {[%clk 0:00:51]}  hxg5 {[%clk 0:22:02]} 39. fxg5 {[%clk 0:00:43]}  g6 {[%clk 0:22:17]} 40. h5 {[%clk 0:00:45]}  gxh5 {[%clk 0:22:41]} 41. Bxh5 {[%clk 0:01:08]}  Ne5 {[%clk 0:18:53]} 42. Kf4 {[%clk 0:01:00]}  Nc4 {[%clk 0:16:20]} 43. Kf5 {[%clk 0:00:34]}  Ne3+ {[%clk 0:16:07]} 44. Kf4 {[%clk 0:00:40]}  Nd5+ {[%clk 0:16:21]} 45. Kg3 {[%clk 0:00:40]}  Re5 {[%clk 0:11:43]} 46. Bxf7 {[%clk 0:00:34]}  Rxg5+ {[%clk 0:12:07]} 47. Kh4 {[%clk 0:00:57]}  Rg7 {[%clk 0:11:47]} 48. Rxb7 {[%clk 0:01:10]}  Ne7 {[%clk 0:12:04]} 49. Rb6+ {[%clk 0:01:13]}  Ke5 {[%clk 0:11:19]} 1/2-1/2

[Event "Classic Open"]
[Site "Estonia Resort Hotel & Spa conference center, Parnu, EE"]
[Date "2025.08.14"]
[Round "6"]
[White "Kazakouski, Valery"]
[Black "Bogner, Sebastian"]
[Result "1/2-1/2"]
[Board "1"]
[WhiteFideId "13507443"]
[BlackFideId "4692055"]
[WhiteTitle "GM"]
[BlackTitle "GM"]
[WhiteElo "2584"]
[BlackElo "2552"]
[WhiteTeam "LTU"]
[BlackTeam "SUI"]
[WhiteClock "0:00:55"]
[BlackClock "0:01:34"]
[Variant "Standard"]

1. d4 {[%clk 1:30:57]}  Nf6 {[%clk 1:30:56]} 2. c4 {[%clk 1:31:22]}  e6 {[%clk 1:31:22]} 3. Nc3 {[%clk 1:31:47]}  Bb4 {[%clk 1:31:48]} 4. f3 {[%clk 1:32:11]}  c5 {[%clk 1:30:27]} 5. d5 {[%clk 1:32:34]}  b5 {[%clk 1:30:11]} 6. e4 {[%clk 1:32:56]}  d6 {[%clk 1:27:22]} 7. Nge2 {[%clk 1:32:44]}  bxc4 {[%clk 1:27:02]} 8. Nf4 {[%clk 1:32:56]}  g5 {[%clk 1:19:02]} 9. Nfe2 {[%clk 1:33:15]}  exd5 {[%clk 1:19:23]} 10. exd5 {[%clk 1:33:33]}  Qe7 {[%clk 1:19:15]} 11. Kf2 {[%clk 1:28:27]}  Nbd7 {[%clk 1:18:21]} 12. a3 {[%clk 1:28:27]}  Bxc3 {[%clk 1:08:20]} 13. Nxc3 {[%clk 1:28:47]}  Ne5 {[%clk 1:08:47]} 14. Bxc4 {[%clk 1:26:46]}  Nxc4 {[%clk 1:04:26]} 15. Qa4+ {[%clk 1:27:06]}  Nd7 {[%clk 1:04:32]} 16. Qxc4 {[%clk 1:26:49]}  Ne5 {[%clk 1:04:36]} 17. Qe2 {[%clk 1:23:54]}  f5 {[%clk 0:56:21]} 18. h4 {[%clk 1:20:03]}  gxh4 {[%clk 0:54:27]} 19. Bf4 {[%clk 1:19:09]}  Rb8 {[%clk 0:46:40]} 20. Bxe5 {[%clk 1:07:12]}  Qxe5 {[%clk 0:37:12]} 21. Rae1 {[%clk 1:02:05]}  O-O {[%clk 0:33:40]} 22. Qxe5 {[%clk 0:54:37]}  dxe5 {[%clk 0:34:04]} 23. Re2 {[%clk 0:55:03]}  Ba6 {[%clk 0:17:30]} 24. Rd2 {[%clk 0:55:11]}  Rf6 {[%clk 0:16:52]} 25. Rxh4 {[%clk 0:51:33]}  Rd6 {[%clk 0:12:50]} 26. Ra4 {[%clk 0:45:40]}  Kf7 {[%clk 0:12:20]} 27. Ra5 {[%clk 0:43:26]}  c4 {[%clk 0:12:46]} 28. Rc5 {[%clk 0:42:23]}  Rc8 {[%clk 0:12:01]} 29. Ra5 {[%clk 0:41:07]}  Rb8 {[%clk 0:12:16]} 30. Ke3 {[%clk 0:41:16]}  h5 {[%clk 0:11:55]} 31. g3 {[%clk 0:36:21]}  Rg8 {[%clk 0:10:43]} 32. Rh2 {[%clk 0:35:20]}  Kg6 {[%clk 0:08:30]} 33. f4 {[%clk 0:33:21]}  Kf6 {[%clk 0:08:18]} 34. fxe5+ {[%clk 0:24:29]}  Kxe5 {[%clk 0:08:43]} 35. Kf3 {[%clk 0:24:51]}  Rh8 {[%clk 0:07:18]} 36. Rc5 {[%clk 0:23:56]}  Rc8 {[%clk 0:06:33]} 37. Rxc8 {[%clk 0:21:58]}  Bxc8 {[%clk 0:07:02]} 38. Rxh5 {[%clk 0:22:17]}  Rb6 {[%clk 0:06:53]} 39. Rh2 {[%clk 0:22:22]}  Bd7 {[%clk 0:04:33]} 40. Re2+ {[%clk 0:21:06]}  Kd6 {[%clk 0:04:48]} 41. Kf4 {[%clk 0:19:02]}  Rb8 {[%clk 0:05:15]} 42. Rd2 {[%clk 0:15:39]}  Rg8 {[%clk 0:05:28]} 43. Kf3 {[%clk 0:15:54]}  Rh8 {[%clk 0:03:13]} 44. Nd1 {[%clk 0:16:02]}  Rc8 {[%clk 0:02:56]} 45. Kf4 {[%clk 0:15:59]}  a5 {[%clk 0:02:39]} 46. Re2 {[%clk 0:11:39]}  Rc5 {[%clk 0:02:27]} 47. Nc3 {[%clk 0:11:36]}  Rc8 {[%clk 0:02:56]} 48. Rh2 {[%clk 0:11:46]}  Rb8 {[%clk 0:03:26]} 49. Rd2 {[%clk 0:10:47]}  Rg8 {[%clk 0:03:20]} 50. Ne2 {[%clk 0:10:56]}  Re8 {[%clk 0:03:04]} 51. Kf3 {[%clk 0:11:13]}  Rb8 {[%clk 0:02:52]} 52. Ke3 {[%clk 0:08:48]}  Re8+ {[%clk 0:02:36]} 53. Kf2 {[%clk 0:09:12]}  Rc8 {[%clk 0:02:19]} 54. Nc3 {[%clk 0:08:34]}  Rb8 {[%clk 0:02:34]} 55. Ke1 {[%clk 0:08:54]}  Rg8 {[%clk 0:02:51]} 56. Kf2 {[%clk 0:07:27]}  Rb8 {[%clk 0:03:15]} 57. Kf3 {[%clk 0:07:16]}  Re8 {[%clk 0:03:05]} 58. Nd1 {[%clk 0:07:35]}  Rc8 {[%clk 0:03:02]} 59. Kf4 {[%clk 0:07:51]}  Rc5 {[%clk 0:03:24]} 60. Ne3 {[%clk 0:01:44]}  c3 {[%clk 0:03:05]} 61. Rc2 {[%clk 0:02:13]}  cxb2 {[%clk 0:03:10]} 62. Rxb2 {[%clk 0:02:41]}  Rc3 {[%clk 0:02:29]} 63. a4 {[%clk 0:01:07]}  Rd3 {[%clk 0:02:27]} 64. Rb6+ {[%clk 0:00:35]}  Kc5 {[%clk 0:01:34]} 65. Rb7 {[%clk 0:00:55]} 1/2-1/2

[Event "Classic Open"]
[Site "Estonia Resort Hotel & Spa conference center, Parnu, EE"]
[Date "2025.08.14"]
[Round "6"]
[White "Meshkovs, Nikita"]
[Black "Jakubowski, Krzysztof"]
[Result "1-0"]
[Board "2"]
[WhiteFideId "11602740"]
[BlackFideId "1112848"]
[WhiteTitle "GM"]
[BlackTitle "GM"]
[WhiteElo "2547"]
[BlackElo "2443"]
[WhiteTeam "LAT"]
[BlackTeam "POL"]
[WhiteClock "0:14:32"]
[BlackClock "0:21:32"]
[Variant "Standard"]

1. Nf3 {[%clk 1:30:56]}  d5 {[%clk 1:30:52]} 2. e3 {[%clk 1:31:11]}  Nf6 {[%clk 1:30:49]} 3. c4 {[%clk 1:31:26]}  e6 {[%clk 1:26:02]} 4. b3 {[%clk 1:31:21]}  Be7 {[%clk 1:25:28]} 5. Bb2 {[%clk 1:31:42]}  O-O {[%clk 1:25:52]} 6. Nc3 {[%clk 1:29:05]}  b6 {[%clk 1:24:48]} 7. cxd5 {[%clk 1:24:40]}  exd5 {[%clk 1:24:54]} 8. Rc1 {[%clk 1:24:55]}  Bb7 {[%clk 1:19:58]} 9. Be2 {[%clk 1:17:23]}  Nbd7 {[%clk 1:17:58]} 10. O-O {[%clk 1:16:37]}  a6 {[%clk 1:17:56]} 11. Qc2 {[%clk 1:09:21]}  Re8 {[%clk 1:17:31]} 12. Rfd1 {[%clk 0:54:43]}  Bd6 {[%clk 1:15:14]} 13. d4 {[%clk 0:53:36]}  Qe7 {[%clk 1:13:34]} 14. Bf1 {[%clk 0:49:26]}  g6 {[%clk 1:11:59]} 15. g3 {[%clk 0:46:26]}  h5 {[%clk 1:12:13]} 16. Bg2 {[%clk 0:46:29]}  Rad8 {[%clk 1:12:21]} 17. Ne2 {[%clk 0:39:13]}  c6 {[%clk 1:03:40]} 18. Nf4 {[%clk 0:37:34]}  Ne4 {[%clk 1:03:27]} 19. Nd3 {[%clk 0:37:48]}  f6 {[%clk 1:03:49]} 20. Nh4 {[%clk 0:28:35]}  Nf8 {[%clk 0:45:44]} 21. Nf4 {[%clk 0:28:10]}  Qh7 {[%clk 0:40:48]} 22. f3 {[%clk 0:22:25]}  f5 {[%clk 0:32:36]} 23. fxe4 {[%clk 0:22:10]}  fxe4 {[%clk 0:33:01]} 24. Qe2 {[%clk 0:22:16]}  Rd7 {[%clk 0:30:51]} 25. Rf1 {[%clk 0:20:52]}  Qh6 {[%clk 0:27:53]} 26. Bh3 {[%clk 0:19:07]}  Rg7 {[%clk 0:25:00]} 27. Rf2 {[%clk 0:19:36]}  Nh7 {[%clk 0:24:44]} 28. Be6+ {[%clk 0:19:04]}  Rxe6 {[%clk 0:21:26]} 29. Nxe6 {[%clk 0:19:32]}  Rd7 {[%clk 0:21:51]} 30. Rcf1 {[%clk 0:17:41]}  g5 {[%clk 0:21:44]} 31. Nc5 {[%clk 0:18:07]}  bxc5 {[%clk 0:21:11]} 32. Nf5 {[%clk 0:18:35]}  Qg6 {[%clk 0:21:36]} 33. Nxd6 {[%clk 0:17:49]}  Rxd6 {[%clk 0:21:54]} 34. dxc5 {[%clk 0:17:54]}  Rd7 {[%clk 0:22:12]} 35. Qd1 {[%clk 0:16:39]}  d4 {[%clk 0:22:32]} 36. Bxd4 {[%clk 0:17:08]}  a5 {[%clk 0:21:51]} 37. Qe2 {[%clk 0:17:23]}  g4 {[%clk 0:21:57]} 38. Rf5 {[%clk 0:17:12]}  Rd5 {[%clk 0:22:00]} 39. Qf2 {[%clk 0:14:09]}  Rd8 {[%clk 0:21:25]} 40. Qf4 {[%clk 0:14:36]}  Ba6 {[%clk 0:21:23]} 41. Qe5 {[%clk 0:14:14]}  Rxd4 {[%clk 0:21:23]} 42. exd4 {[%clk 0:14:20]}  Bxf1 {[%clk 0:21:32]} 43. Kxf1 {[%clk 0:14:32]} 1-0